[Event "85th ch-St Petersburg SF"]
[Site "St Petersburg RUS"]
[Date "2012.01.30"]
[Round "3.8"]
[White "Belenkaya,D"]
[Black "Sichinava,Z"]
[Result "1-0"]
[WhiteElo "2208"]
[BlackElo "2315"]

1.e4 e6 2.d4 d5 3.Nd2 Be7 4.Bd3 c5 5.dxc5 Nf6 6.Qe2 Nc6 7.Ngf3 Nb4 8.e5 Nd7
9.Nb3 Nxd3+ 10.cxd3 Nxc5 11.Nxc5 Bxc5 12.O-O O-O 13.Bd2 Bd7 14.Be3 Be7 15.Nd4 f6
16.f4 fxe5 17.fxe5 Qc7 18.Bf2 Rac8 19.Rae1 Bc5 20.Nb3 Rxf2 21.Rxf2 Bxf2+
22.Qxf2 Qc2 23.Rf1 Qxf2+ 24.Rxf2 Bb5 25.Rd2 Kf7 26.Kf2 Ke7 27.Nd4 Be8 28.Rc2 Rxc2+
29.Nxc2 Bg6 30.Ke3 Be8 31.Nd4 Bd7 32.Kf4 Be8 33.Ke3 Bd7 34.Ne2 Be8 35.Kd4 Bd7
36.Nf4 Be8 37.b3 Kd7 38.Kc5 Ke7 39.a3 b6+ 40.Kb4 Bd7 41.Ne2 Kd8 42.Nd4 Kc7
43.Nf3 h6 44.Nd4 Kd8 45.Nb5 a5+ 46.Ka4 Ke7 47.b4 axb4 48.Kxb4 Kd8 49.a4 Be8
50.a5 bxa5+ 51.Kxa5 Bg6 52.d4 Be4 53.g3 Kd7 54.Kb6 Bd3 55.Nd6 Bg6 56.Nb7 Be8
57.Nc5+ Ke7 58.Kc7 Bh5 59.Nb7 Bg4 60.Nd8 Bh3 61.Nc6+ Ke8 62.Kd6 Bg4 63.Nb4 Bf5
64.Na6 Bg4 65.Nc5 Kf7 66.Nd3 g5 67.Nc5 Bf5 68.Nb7 Ke8 69.Nc5 Kf7 70.Kd7 Bc2
71.Nb7 Ba4+ 72.Kd6  1-0

[Event "ch-TUR 2012"]
[Site "Kemer TUR"]
[Date "2012.01.31"]
[Round "4"]
[White "Atakisi,U"]
[Black "Dogan,A"]
[Result "1-0"]
[WhiteElo "2345"]
[BlackElo "2159"]

1.e4 e6 2.d4 d5 3.Nd2 Be7 4.Bd3 c5 5.dxc5 Nf6 6.exd5 Qxd5 7.Ngf3 Nbd7 8.O-O Nxc5
9.Bc4 Qd6 10.Qe2 O-O 11.b3 a6 12.a4 b6 13.Bb2 Bb7 14.Ne5 Qc7 15.f4 Bd5 16.f5 Rad8
17.Ng4 Nxg4 18.Qxg4 f6 19.fxe6 Qc6 20.Rae1 Bxg2 21.Rxf6 Rxd2 22.Rxf8+ Kxf8
23.Qxg7+ Ke8 24.Qg8+  1-0

[Event "85th ch-St Petersburg SF"]
[Site "St Petersburg RUS"]
[Date "2012.01.31"]
[Round "4.10"]
[White "Donskov,Ana"]
[Black "Balaian,Ali"]
[Result "1/2-1/2"]
[WhiteElo "2306"]
[BlackElo "2232"]

1.e4 e6 2.d4 d5 3.Nd2 Nc6 4.Ngf3 Nf6 5.e5 Nd7 6.c3 f6 7.Bb5 Be7 8.exf6 Bxf6
9.O-O O-O 10.Re1 Re8 11.Nf1 a6 12.Ba4 b5 13.Bc2 e5 14.dxe5 Ndxe5 15.Ne3 Nxf3+
16.Qxf3 Ne5 17.Qd1 c6 18.Nf5 g6 19.Nd4 c5 20.Nb3 Bg4 21.f3 Bxf3 22.gxf3 Nxf3+
23.Qxf3 Rxe1+ 24.Kg2 c4 25.Bg5 Re6 26.Rf1 cxb3 27.Bxb3 Kg7 28.Bh6+ Kxh6 29.Qh3+ Kg7
30.Qxe6 Ra7 31.Bxd5 Qe7 32.Qxe7+ Rxe7 33.Bf3 a5 34.Rd1 b4 35.cxb4 axb4 36.Rd2 Ra7
37.b3 Bc3 38.Re2 Kf6 39.Bd5 Kg5 40.Kg3 h5 41.h4+ Kf6 42.Kf4 Ra6 43.Ke4 Ra5
44.Rf2+ Kg7  1/2-1/2

[Event "85th ch-St Petersburg SF"]
[Site "St Petersburg RUS"]
[Date "2012.01.31"]
[Round "4.8"]
[White "Martynov,P2"]
[Black "Monin,N"]
[Result "1-0"]
[WhiteElo "2237"]
[BlackElo "2360"]

1.e4 e6 2.d4 d5 3.Nd2 Nc6 4.Ngf3 Nf6 5.e5 Nd7 6.Nb3 Be7 7.Be2 a5 8.a4 b6
9.O-O Ba6 10.Bxa6 Rxa6 11.Qd3 Ra8 12.c3 h6 13.Be3 Qc8 14.Nc1 Qa6 15.Qd1 Kd8
16.Nd2 Kc8 17.Qg4 g6 18.Qf3 Rh7 19.Ne2 Kb7 20.Rfc1 Rf8 21.b4 axb4 22.c4 Ndxe5
23.dxe5 Nxe5 24.Qg3 Nxc4 25.Nxc4 dxc4 26.Qf3+ c6 27.Nd4 Rc8 28.Rd1 g5 29.Nxc6 g4
30.Na5+ Kb8 31.Bf4+  1-0

[Event "Gibraltar Open"]
[Site "Caleta ENG"]
[Date "2012.02.02"]
[Round "10.93"]
[White "Lam,Daniel King-wai"]
[Black "Tavares,S"]
[Result "0-1"]
[WhiteElo "2022"]
[BlackElo "2218"]

1.d4 e6 2.e4 d5 3.Nd2 a6 4.Ngf3 c5 5.exd5 exd5 6.dxc5 Bxc5 7.Nb3 Ba7 8.Be2 Ne7
9.O-O O-O 10.Nbd4 Nbc6 11.Nxc6 Nxc6 12.Bg5 Qd6 13.Qd2 Re8 14.Bc4 Be6 15.Rad1 d4
16.Bf4 Qc5 17.Bxe6 Rxe6 18.Ng5 Rg6 19.Rfe1 h6 20.Ne4 Qd5 21.Bg3 Qxa2 22.Nd6 Qd5
23.c4 Qc5 24.Nxb7 Qxc4 25.Qf4 Re6 26.Qc7 Rae8 27.Rf1 Bb8 28.Qb6 Ba7 29.Qc7 Bb8
30.Qb6 d3 31.Qc5 Qb3  0-1

[Event "Gibraltar Open"]
[Site "Caleta ENG"]
[Date "2012.02.02"]
[Round "10.62"]
[White "Ali,Se"]
[Black "Walton,A"]
[Result "1-0"]
[WhiteElo "2292"]
[BlackElo "2161"]

1.e4 e6 2.d4 d5 3.Nd2 a6 4.Ngf3 Nf6 5.e5 Nfd7 6.Bd3 c5 7.c3 Nc6 8.O-O g5
9.dxc5 Bxc5 10.Nb3 Be7 11.Re1 g4 12.Nfd4 Ndxe5 13.Nxc6 Nxc6 14.Qxg4 e5 15.Bf5 Bxf5
16.Qxf5 Qd7 17.Qh5 O-O-O 18.Be3 Rhg8 19.Rad1 f5 20.Bc5 Rg5 21.Qxh7 Rdg8 22.g3 R8g7
23.Qh3 Bd8 24.Qg2 e4 25.f4 Rg4 26.c4 Bh4 27.Bf2 Nb4 28.Nc5 Qe7 29.cxd5 Bxg3
30.hxg3 Rxg3 31.Bxg3 Qxc5+ 32.Kh1 Nd3 33.Rxd3 exd3 34.Bf2 Rh7+ 35.Kg1 Qf8
36.Kf1 Qh8 37.Rd1 Rh2 38.Qg3 Rh3 39.Qg2 Rh2 40.Qg3 Rh3 41.Qg6 Rh1+ 42.Bg1 Qh3+
43.Qg2 Qe3 44.Qf2 Qe4 45.Re1 Qxd5 46.Qg2 Qc4 47.Qd2 Qd5 48.Qc3+ Kd7 49.Qg7+ Kc6
50.Qf6+  1-0

[Event "Moscow Open 2012 A"]
[Site "Moscow RUS"]
[Date "2012.02.04"]
[Round "8.26"]
[White "Sjugirov,S"]
[Black "Naumkin,I"]
[Result "1/2-1/2"]
[WhiteElo "2622"]
[BlackElo "2443"]

1.e4 e6 2.d4 d5 3.Nd2 Nc6 4.Ngf3 Nf6 5.e5 Nd7 6.Bd3 Nb4 7.Be2 c5 8.c3 Nc6
9.O-O Be7 10.Bd3 b6 11.Re1 a5 12.c4 Nb4 13.Bb1 Bb7 14.a3 Na6 15.cxd5 Bxd5
16.Ne4 cxd4 17.Nxd4 Nac5 18.Nc3 Bb7 19.Qg4 Kf8 20.Bc2 h5 21.Qf4 g5 22.Qd2 a4
23.Ncb5 Ra5 24.Qe2 Qa8 25.f4 gxf4 26.Bxf4 Nb3 27.Bxb3 axb3 28.Nd6 Bxd6 29.exd6 e5
30.Nf5 Bxg2 31.Bh6+ Rxh6 32.Nxh6 Bh3 33.Rf1 f6 34.Rf3 Be6 35.Qf2 Kg7 36.Nf5+ Bxf5
37.Rxf5 Ra4 38.h3 Qd5 39.Qg3+ Kf7 40.Raf1 Rd4 41.Rxh5 Ke6 42.Qg7 Kxd6 43.Rxf6+ Nxf6
44.Qxf6+ Qe6 45.Qg7 Kd5 46.Qb7+ Kc5 47.Qc7+ Kd5 48.Qb7+ Kc5 49.Qc7+ Kd5 50.Qb7+  1/2-1/2

[Event "ch-TUR 2012"]
[Site "Kemer TUR"]
[Date "2012.02.05"]
[Round "10"]
[White "Ali Marandi,C"]
[Black "Dogan,A"]
[Result "1-0"]
[WhiteElo "2292"]
[BlackElo "2159"]

1.e4 e6 2.d4 d5 3.Nd2 Be7 4.Bd3 c5 5.dxc5 Nf6 6.Qe2 Nc6 7.Ngf3 Nb4 8.Nb3 Nxd3+
9.cxd3 dxe4 10.dxe4 Bd7 11.O-O Bc6 12.e5 Nd7 13.Nfd4 Bd5 14.Bd2 O-O 15.Rac1 Rc8
16.Nb5 Nxc5 17.Nxa7 Ra8 18.Nxc5 Rxa7 19.a3 b6 20.Nd3 Rd7 21.Bb4 Bxb4 22.Nxb4 Bb7
23.Rcd1 Rxd1 24.Rxd1 Qg5 25.f3 Rd8 26.Rxd8+ Qxd8 27.Qe3 h5 28.h3 Qc7 29.Nd3 g6
30.Nf2 Bd5 31.Nd1 Qc2 32.Qd4 Qe2 33.Nf2 b5 34.h4 Kg7 35.Nh3 Qe1+ 36.Kh2 Bc4
37.Ng5 Qb1 38.Qf4 Qf5 39.Qxf5 exf5 40.Kg3 f6 41.exf6+ Kxf6 42.f4 Ke7 43.Kf2 Kd6
44.Ke3 Bd5 45.Nf3 Kc5 46.Kd3 Bc4+ 47.Kc3 Bf1 48.g3 Kd5 49.Ne5 Ke4 50.Kd2 Bg2
51.Ke2 Kd4 52.Nxg6 Kc4 53.Ne7 Kb3 54.Nxf5 Kxb2 55.Nd4 Bd5 56.Nxb5 Bc4+ 57.Kf3 Bxb5
58.f5 Kxa3 59.f6 Bc4 60.g4 Bf7 61.gxh5 Bxh5+ 62.Kf4 Kb4 63.Kg5 Bf7 64.h5 Kc5
65.h6  1-0

[Event "11th Aeroflot Open B"]
[Site "Moscow RUS"]
[Date "2012.02.08"]
[Round "2"]
[White "Karpatchev,A"]
[Black "Zhang Xiaowen"]
[Result "0-1"]
[WhiteElo "2466"]
[BlackElo "2348"]

1.e4 e6 2.d4 d5 3.Nd2 Be7 4.Ngf3 Nf6 5.Bd3 c5 6.c3 Nc6 7.O-O b6 8.Ne5 Bb7
9.Bb5 Qc7 10.Qa4 Rc8 11.Qxa7 cxd4 12.cxd4 dxe4 13.a3 h5 14.h3 h4 15.Re1 Rh5
16.Ndc4 Nd7 17.Bf4 Nxa7 18.Bxd7+ Qxd7 19.Nxd7 Rxc4 20.Nxb6 Rc2 21.b4 Nb5
22.Be3 Nc3 23.Kh1 Ne2 24.Na4 f5 25.Nc5 Bxc5 26.dxc5 f4 27.Rxe2 Rxe2 28.Bxf4 Rxf2  0-1

[Event "11th Aeroflot Open B"]
[Site "Moscow RUS"]
[Date "2012.02.08"]
[Round "2"]
[White "Shevelev,A"]
[Black "Arslanov,S"]
[Result "0-1"]
[WhiteElo "2317"]
[BlackElo "2424"]

1.e4 e6 2.d4 d5 3.Nd2 Be7 4.Ngf3 Nf6 5.Bd3 c5 6.dxc5 O-O 7.e5 Nfd7 8.Nb3 a5
9.a4 Na6 10.c3 Naxc5 11.Nxc5 Nxc5 12.Bc2 f6 13.O-O Qe8 14.Be3 Qh5 15.exf6 gxf6
16.Nd4 Qxd1 17.Rfxd1 Bd7 18.Nb5 Rfd8 19.Rd2 Rac8 20.Rad1 Be8 21.Re1 Bf7 22.f3 Bg6
23.Bxg6 hxg6 24.Bxc5 Bxc5+ 25.Kf1 Kf7 26.Red1 Rh8 27.h3 Rh4 28.b3 g5 29.Rd3 Bf8
30.Re1 Bc5 31.Red1 f5 32.Ke2 Kf6 33.Kd2 Rg8 34.Re1 Rg7 35.Re2 Rd7 36.Kc2 Rg7
37.Rd1 Re7 38.Rde1 Rh8 39.Rb1 Rh4 40.Rbe1 Rh8 41.Rb1 Rc8 42.Rd1 f4 43.Kb2 Be3
44.Na3 Rec7 45.Nb5 Rd7 46.Na3 Rcd8 47.Nc2 Bc5 48.Rde1 Re7 49.Rd1 e5 50.Red2 Red7
51.Rd3 Rd6 52.Re1 e4 53.Rd2 d4 54.cxd4 e3 55.Rd3 Bxd4+ 56.Nxd4 Rxd4 57.Rxd4 Rxd4
58.Re2 Kg6 59.Kc3 Rd6 60.Re1 Kh5 61.b4 axb4+ 62.Kxb4 Kh4 63.Rc1 Kg3 64.Rc5 Kxg2
65.Rxg5+ Kxf3  0-1

[Event "11th Aeroflot Open B"]
[Site "Moscow RUS"]
[Date "2012.02.10"]
[Round "4"]
[White "Karpatchev,A"]
[Black "Munkhgal,G"]
[Result "1/2-1/2"]
[WhiteElo "2466"]
[BlackElo "2340"]

1.e4 e6 2.d4 d5 3.Nd2 Be7 4.Ngf3 Nf6 5.Bd3 c5 6.c3 cxd4 7.cxd4 dxe4 8.Nxe4 Nc6
9.O-O O-O 10.Nc3 b6 11.a3 Bb7 12.Bc2 h6 13.Bf4 Bd6 14.Ne5 Bxe5 15.Bxe5 Nxe5
16.dxe5 Qxd1 17.Rfxd1 Nd5 18.Nb5 Nf4 19.f3 Rac8 20.Rd2 Rc5 21.Nd6 Bc6 22.Re1 g5
23.Kf2 Kg7 24.b4 Rc3 25.Re3 Rxe3 26.Kxe3 f6 27.Be4 Bxe4 28.Kxe4 Ng6 29.Nc4 f5+
30.Ke3 Rf7 31.Rd8 Rc7 32.Kd4 Nh4 33.Nd6 Re7 34.Nc8 Rc7 35.Nd6 Re7 36.Nc8 Rc7
37.Nd6  1/2-1/2

[Event "11th Aeroflot Open B"]
[Site "Moscow RUS"]
[Date "2012.02.10"]
[Round "4"]
[White "Shevelev,A"]
[Black "Ismagambetov,An"]
[Result "0-1"]
[WhiteElo "2317"]
[BlackElo "2476"]

1.e4 e6 2.d4 d5 3.Nd2 Nc6 4.Ngf3 Nf6 5.e5 Nd7 6.Bb5 a6 7.Bxc6 bxc6 8.O-O c5
9.dxc5 Nxc5 10.Nb3 Nxb3 11.axb3 Be7 12.Nd4 Bb7 13.Qg4 g6 14.b4 h5 15.Qf4 h4
16.Nb3 h3 17.g3 d4 18.Qxd4 Qxd4 19.Nxd4 Bxb4 20.Be3 O-O-O 21.c3 Be7 22.b4 Rd5
23.c4 Rxe5 24.c5 c6 25.Nf3 Re4 26.Ng5 Bxg5 27.Bxg5 Rxb4 28.Rfd1 Re8 29.Rac1 e5
30.Rd6 Rd4 31.Be3 Rd5 32.Bg5 Kc7 33.Rf6 Rd7 34.Rf3 f5 35.Re3 Rd5 36.Bf4 Kd7
37.Rce1 Rxc5 38.Bxe5 Rc2 39.R3e2 Rxe2 40.Rxe2 c5 41.f4 Bd5 42.Rc2 Rc8 43.Rb2 Kc6
44.Bc3 Bc4 45.Ba5 Bb5 46.Rc2 Re8 47.Kf2 Re4 48.Bc3 Bc4 49.Rb2 Bd5 50.Ba5 Ra4
51.Rb6+ Kd7 52.Bd2 Bc6 53.Rb8 Ra2 54.Ke3 Ra3+ 55.Kf2 c4 56.Rg8 c3 57.Rg7+ Ke6
58.Rxg6+ Kd5 59.Bc1 Ra2+ 60.Ke3 Ra1 61.Rg5 Rxc1 62.Rxf5+ Kc4 63.Rf6 Bd5 64.Rf8 Re1+
65.Kf2 Rh1 66.Rc8+ Kd4 67.g4 c2  0-1

[Event "11th Aeroflot Open B"]
[Site "Moscow RUS"]
[Date "2012.02.11"]
[Round "5"]
[White "Korchmar,V"]
[Black "Firat,B"]
[Result "0-1"]
[WhiteElo "2263"]
[BlackElo "2396"]

1.e4 e6 2.d4 d5 3.Nd2 a6 4.Ngf3 Nf6 5.Bd3 c5 6.e5 Nfd7 7.c3 Nc6 8.O-O g5
9.dxc5 g4 10.Nd4 Ndxe5 11.N2b3 Nxd3 12.Qxd3 e5 13.Re1 Bg7 14.Nf5 Bxf5 15.Qxf5 Qd7
16.Qh5 O-O-O 17.Nd2 f5 18.b4 e4 19.Bb2 Ne5 20.c4 d4 21.b5 Nd3 22.c6 bxc6
23.bxc6 Qe6 24.Reb1 Nxb2 25.Rxb2 d3 26.Rab1 Bxb2 27.Rxb2 e3  0-1

[Event "TCh-NED Meesterklasse 2011-12"]
[Site "Netherlands NED"]
[Date "2012.02.11"]
[Round "6.10"]
[White "Houtman,J"]
[Black "Van de Griendt,JW"]
[Result "1/2-1/2"]
[WhiteElo "2212"]
[BlackElo "2330"]

1.e4 e6 2.d4 d5 3.Nd2 Be7 4.Ngf3 Nf6 5.Bd3 c5 6.exd5 Qxd5 7.Bc4 Qh5 8.dxc5 Nbd7
9.c6 bxc6 10.O-O O-O 11.Qe2 Bb7 12.Ne4 Nxe4 13.Qxe4 Nf6 14.Qe5 Qg4 15.Qf4 c5
16.Qxg4 Nxg4 17.Be2 Rfd8 18.h3 Nf6 19.Bd2 Be4 20.Ba5 Rdb8 21.b3 Bxc2 22.Nd2 Nd5
23.Rac1 Bg6 24.Nc4 Bg5 25.Nd2 Nb4 26.f4 Bd8 27.Rxc5 Nd3 28.Bxd3 Bxd3 29.Rf3 Bb6
30.Bxb6 axb6 31.Rc3 Bg6 32.a4 b5 33.axb5 Rxb5 34.Nc4 h6 35.g4 Ra1+ 36.Kf2 Be4
37.Rfe3 Bd5 38.f5 Rc5 39.Nb6 Ra2+ 40.Kg3 Rg2+ 41.Kf4 Rf2+ 42.Kg3 Rg2+ 43.Kf4 Rf2+
44.Kg3 Rg2+  1/2-1/2

[Event "TCh-NED Meesterklasse 2011-12"]
[Site "Netherlands NED"]
[Date "2012.02.11"]
[Round "6.6"]
[White "Muhren,B"]
[Black "Braun,Christi2"]
[Result "1-0"]
[WhiteElo "2307"]
[BlackElo "2392"]

1.e4 e6 2.d4 d5 3.Nd2 Be7 4.Bd3 c5 5.dxc5 Nf6 6.Qe2 Nc6 7.Ngf3 Nb4 8.Nb3 Nxd3+
9.cxd3 a5 10.Bg5 a4 11.Nbd2 h6 12.Be3 Qa5 13.O-O Bxc5 14.Bxc5 Qxc5 15.Rfc1 Qa5
16.exd5 Nxd5 17.Nc4 Qd8 18.Qe5 O-O 19.Nd6 b6 20.Nd4 Qd7 21.Rc6 Ra5 22.Nc4 Ra8
23.Rd6 Qb7 24.Re1 Ne7 25.Nxb6 Ng6 26.Qg3 Ra6 27.Nxc8 Rxc8 28.Rxa6 Qxa6 29.h4 Qa5
30.Re4 Qd2 31.Kh2 Qxb2 32.Nxe6 Qb5 33.Nf4 Rc6 34.Re8+ Nf8 35.Qe3 Qb4 36.g3 Qd6
37.Qe4 Rc2 38.Kg2 Qc5 39.d4 Qc6 40.Nd5  1-0

[Event "TCh-BEL 2011-12"]
[Site "Belgium BEL"]
[Date "2012.02.12"]
[Round "8.5"]
[White "Vandenbussche,T"]
[Black "Claesen,P"]
[Result "1-0"]
[WhiteElo "2362"]
[BlackElo "2368"]

1.e4 e6 2.d4 d5 3.Nd2 Be7 4.e5 Nh6 5.Ndf3 c5 6.dxc5 Bxc5 7.Bd3 Ng4 8.Nh3 Nc6
9.Qe2 Nb4 10.O-O Nxd3 11.cxd3 Bd7 12.b4 Bxb4 13.Rb1 Bc5 14.d4 Be7 15.Nf4 h5
16.h3 Nh6 17.Nxh5 Nf5 18.g4 a6 19.Nf4 Nh6 20.Ne1 Rc8 21.Ned3 Bb5 22.a4 Bxa4
23.Rxb7 Bb5 24.Qf3 Bg5 25.Nc5 Bxf4 26.Bxf4 Bxf1 27.Bxh6 Rc7 28.Bg5 Rxb7 29.Nxb7 Rxh3
30.Qxh3 Bxh3 31.Bxd8 Bxg4 32.Bg5 Be2 33.Nd6+ Kf8 34.Bd8 Bd3 35.f3 Be2 36.Kf2 Bd3
37.Ke3 Bf1 38.Kd2 Bg2 39.f4 Bh3 40.Kc3 Bg4 41.Kb4 Bh3 42.Ka5 Bf1 43.f5 Bd3
44.fxe6 fxe6 45.Nb7 Kf7 46.Nc5 Bf1 47.Kb6 Bh3 48.Kc6 Ke8 49.Bg5 Kf7 50.Kd6  1-0

[Event "TCh-LTU 2012"]
[Site "Lithuania LTU"]
[Date "2012.02.12"]
[Round "5"]
[White "Setkauskas,V"]
[Black "Limontas,M"]
[Result "1/2-1/2"]
[WhiteElo "2161"]
[BlackElo "2292"]

1.e4 e6 2.d4 d5 3.Nd2 Nc6 4.Ngf3 Nf6 5.e5 Nd7 6.c3 f6 7.exf6 Qxf6 8.Bd3 e5
9.dxe5 Ncxe5 10.Qe2 Be7 11.c4 Nxd3+ 12.Qxd3 Qe6+ 13.Qe3 Qxe3+ 14.fxe3 Nb6
15.cxd5 Nxd5 16.Nc4 Bf5 17.Kf2 O-O 18.Rd1 Rad8 19.b3 Bc5 20.Ba3 Nb4 21.Nce5 Bxe3+
22.Kxe3 Nc2+ 23.Kf2 Nxa3 24.Rac1 c6 25.Ke3 Nc2+ 26.Kf4 Be6+ 27.Kg3 Ne3 28.Re1 Nf5+
29.Kf2 Bd5 30.Rcd1 Nh4 31.Kg3 Nxf3 32.gxf3 g6 33.Re3 Kg7 34.b4 h5 35.h4 Rfe8
36.a4 Kf6 37.Kf4 Be6 38.Red3 Rxd3 39.Rxd3 Bd5 40.Nd7+ Ke7 41.Ne5 Rf8+ 42.Ke3 Ke6
43.f4 Kf5 44.Rd1 Rg8 45.Rg1 Rg7 46.Rg5+ Kf6 47.Rg1 b6 48.Rd1 Ke6 49.Rg1 Kf5
50.Rg5+ Kf6 51.Kd4 Bb3 52.a5 Ba4 53.Rg2 Kf5 54.Rg5+ Kf6 55.Rg2 Bb5 56.Ke4 c5
57.axb6 axb6 58.bxc5 bxc5 59.Kd5 Be8 60.f5 gxf5 61.Rxg7 Kxg7 62.Kxc5 Kf6
63.Kd4 Ba4 64.Nd3  1/2-1/2

[Event "ch-Central Serbia 2012"]
[Site "Pozarevac SRB"]
[Date "2012.02.14"]
[Round "2.17"]
[White "Todorovic,GM"]
[Black "Nikolic,Dejan"]
[Result "1-0"]
[WhiteElo "2509"]
[BlackElo "1961"]

1.e4 e6 2.d4 d5 3.Nd2 Be7 4.Ngf3 Nf6 5.exd5 Qxd5 6.Bc4 Qh5 7.Nf1 Qa5+ 8.c3 c5
9.Ng3 Nc6 10.dxc5 Qxc5 11.Qe2 a6 12.O-O b5 13.Bb3 Na5 14.Bc2 Nc4 15.b3 Nb6
16.c4 O-O 17.Be3 Qc7 18.cxb5 Nbd5 19.b6 Nxb6 20.Rac1 Qb8 21.Bd4 Nbd5 22.Ne5 Bb7
23.Nh5 Qd8 24.Bb2 g6 25.Nxf6+ Bxf6 26.Be4 Bg7 27.Rfd1 Qg5 28.Nd3 Nf4 29.Nxf4 Bxb2
30.Bxb7 Bxc1 31.Nxe6 Rae8 32.Nxg5 Rxe2 33.Rxc1 Rxa2 34.g3 h6 35.Ne4 Rd8 36.Bd5 Kg7
37.Bc4 f5 38.Nc3 Rb2 39.Na4 Ra2 40.Nc5 Rdd2 41.b4 Rab2 42.Nd3 Rbc2 43.Rxc2 Rxc2
44.Bxa6 Rd2 45.Kf1 Kf6 46.Ke1 Ra2 47.Bc4 Ra4 48.Kd2 Ke7 49.Bb3 Ra7 50.Ne5 Ra6
51.Kc3 g5 52.b5 Rf6 53.Kb4 Kd6 54.Nc4+ Kc7 55.Kc5 f4 56.b6+ Kb8 57.g4  1-0

[Event "11th Aeroflot Open B"]
[Site "Moscow RUS"]
[Date "2012.02.15"]
[Round "9"]
[White "Shevelev,A"]
[Black "Cori T.,D"]
[Result "1-0"]
[WhiteElo "2317"]
[BlackElo "2415"]

1.e4 e6 2.d4 d5 3.Nd2 Nc6 4.Ngf3 Nf6 5.e5 Nd7 6.Bb5 a5 7.a4 Na7 8.Bd3 c5
9.c3 Nc6 10.O-O Be7 11.Re1 b6 12.Bb5 Qc7 13.c4 O-O 14.cxd5 exd5 15.Nf1 cxd4
16.Bxc6 Qxc6 17.Nxd4 Qg6 18.Ne3 Bb7 19.Nef5 Rae8 20.Re3 Bc5 21.Rg3 Bxd4 22.Rxg6 Bxf2+
23.Kxf2 fxg6 24.Kg1 Rxf5 25.Be3 Rfxe5 26.Bd4 Re4 27.h3 h5 28.Kh2 Kh7 29.Rc1 Nc5
30.Bxc5 bxc5 31.Rxc5 d4 32.Rc7 Ba8 33.Ra7 Bc6 34.Qf3 Rg8 35.Ra6 Bb7 36.Rb6 Ba8
37.Qf7 Re5 38.Qxg6+ Kh8 39.Rb5 Be4 40.Qxe4  1-0

[Event "ch-Central Serbia 2012"]
[Site "Pozarevac SRB"]
[Date "2012.02.15"]
[Round "3.12"]
[White "Pap,M"]
[Black "Peric,Sl"]
[Result "1-0"]
[WhiteElo "2512"]
[BlackElo "2228"]

1.e4 e6 2.d4 d5 3.Nd2 a6 4.Ngf3 c5 5.dxc5 Bxc5 6.Bd3 Nc6 7.c3 Nf6 8.O-O dxe4
9.Nxe4 Nxe4 10.Bxe4 Qxd1 11.Rxd1 Bd7 12.Ng5 f6 13.Nf7 Rf8 14.Nd6+ Bxd6 15.Rxd6 Ke7
16.Rd1 g6 17.Be3 Rfc8 18.Bc5+ Ke8 19.Rd2 Nd8 20.Bd4 e5 21.Bb6 Bc6 22.Bc2 Ne6
23.Bb3 Ke7 24.Rad1 Be8 25.Bd5 Ba4 26.Bxb7 Bxd1 27.Rxd1 Rcb8 28.Bxa8 Rxb6
29.b3 f5 30.Kf1 e4 31.g3 Nc7 32.Bd5 Rd6 33.c4 Nxd5 34.cxd5 Kf6 35.Ke2 Ke5
36.h4 h6 37.b4 g5 38.a4 f4 39.gxf4+ gxf4 40.h5 Rxd5 41.Rc1 f3+ 42.Ke1 Kf4
43.Rc6 Rxh5 44.b5 axb5 45.axb5 Rh1+ 46.Kd2 Rf1 47.b6 Rxf2+ 48.Kc3 Rf1 49.Kb2 f2
50.Rf6+  1-0

[Event "3rd Novy Bor Open"]
[Site "Novy Bor CZE"]
[Date "2012.02.18"]
[Round "9"]
[White "Oresky,J"]
[Black "Korolchuk,N"]
[Result "1-0"]
[WhiteElo "2227"]
[BlackElo "2235"]

1.e4 e6 2.d4 d5 3.Nd2 a6 4.a3 c5 5.Ngf3 Nc6 6.dxc5 Bxc5 7.Bd3 Nge7 8.O-O O-O
9.exd5 exd5 10.Nb3 Bb6 11.Bg5 f6 12.Bf4 Bg4 13.Be2 Qd7 14.c3 Rfe8 15.Qd2 Rad8
16.Rad1 Ng6 17.Bg3 Nge5 18.Qf4 Ng6 19.Qd2 Nce5 20.Nfd4 Nc4 21.Bxg4 Qxg4 22.Qc2 Qe4
23.Qc1 Nge5 24.Nd2 Qg6 25.b3 Nd3  1-0

[Event "ch-POL 2012"]
[Site "Warsaw POL"]
[Date "2012.02.18"]
[Round "1"]
[White "Bulski,K"]
[Black "Socko,B"]
[Result "1/2-1/2"]
[WhiteElo "2523"]
[BlackElo "2636"]

1.e4 e6 2.d4 d5 3.Nd2 a6 4.Ngf3 Nf6 5.Bd3 c5 6.exd5 Qxd5 7.dxc5 Bxc5 8.O-O Nc6
9.Qe2 Nb4 10.Be4 Qd8 11.c4 Qc7 12.Bb1 b6 13.Ne4 Bb7 14.Rd1 Be7 15.b3 Nxe4
16.Bxe4 Bf6 17.Bxb7 Qxb7 18.Bb2 Bxb2 19.Qxb2 O-O 20.a3 Nc6 21.Rd6 Rfd8 22.Rad1 Qc7
23.Rxd8+ Rxd8 24.Rxd8+ Qxd8 25.Qd2 Qxd2 26.Nxd2 Nd4 27.f3 f5 28.Kf2 e5 29.b4 b5
30.cxb5 axb5 31.Nb1 Kf7 32.Nc3 Ke6 33.a4 bxa4 34.Nxa4 Kd6 35.Nb2 Kd5 36.Nd3 g5
37.Ke3 h5 38.h3 h4 39.Kf2 f4 40.Nc5 Kc4 41.Ne4 Kxb4 42.Nxg5 Kc4 43.Nf7 Kd5
44.Ng5 Nf5 45.Ne4 Kd4 46.Ng5 Nd6 47.Ne6+ Kd3 48.Nc5+ Kd4 49.Ne6+ Kd3 50.Nc5+ Kc4
51.Ne6 Nf5 52.Ng5 Ng3 53.Nh7 Kd5 54.Nf6+ Kd6 55.Ng4 Ke6 56.Ke1 Kd5 57.Kf2 Kd4
58.Nf6 Kc4 59.Ng4 Kd5 60.Nf6+ Kd4 61.Ng4 Nf5 62.Nf6 Nd6 63.Ng4 Nf5 64.Nf6 Nd6
65.Ng4 Nf5  1/2-1/2

[Event "Bunratty Open"]
[Site "Bunratty IRL"]
[Date "2012.02.19"]
[Round "6"]
[White "Maroroa,S"]
[Black "Moran,S"]
[Result "1-0"]
[WhiteElo "2020"]
[BlackElo "2016"]

1.e4 e6 2.d4 d5 3.Nd2 Be7 4.Ngf3 Nf6 5.e5 Nfd7 6.Bd3 c5 7.c3 Nc6 8.O-O g5
9.dxc5 g4 10.Nd4 Ncxe5 11.Bb5 Bxc5 12.f4 Nc6 13.Nb3 Qb6 14.Nxc5 Nxc5 15.Be3 Ne4
16.Qxg4 Bd7 17.Bxc6 bxc6 18.b4 O-O-O 19.Qe2 Qb7 20.Nb3 c5 21.Qc2 Rhg8 22.bxc5 e5
23.f5 Bb5 24.Rfe1 Qd7 25.Nd2 Nxc3 26.Nf3 d4 27.Bf2 Qd5 28.Bg3 f6 29.a4 Bc4
30.Nd2 Ne2+ 31.Kf2 Nxg3 32.Nxc4 d3 33.Qc3 Ne4+ 34.Rxe4 Qxe4 35.Nd6+ Rxd6
36.cxd6+ Kb8 37.Qb3+ Kc8 38.Qxg8+ Kd7 39.Qe6+ Kc6 40.Rc1+ Kb6 41.Qb3+  1-0

[Event "10th Nancy GMA 2012"]
[Site "Nancy FRA"]
[Date "2012.02.21"]
[Round "2"]
[White "Bauer,Ch"]
[Black "Edouard,R"]
[Result "1/2-1/2"]
[WhiteElo "2679"]
[BlackElo "2616"]

1.e4 e6 2.d4 d5 3.Nd2 Be7 4.Ngf3 Nf6 5.Bd3 c5 6.e5 Nfd7 7.c3 Nc6 8.O-O a5
9.Re1 cxd4 10.cxd4 Qb6 11.Nb1 Nxd4 12.Nxd4 Qxd4 13.Nc3 Qb6 14.Qg4 Kf8 15.Nb5 Nc5
16.Be3 Bd7 17.Nd6 Bxd6 18.exd6 Rc8 19.Bd4 f6 20.Qf3 Kg8 21.Qg3 Kf7 22.Bf5 Qb4
23.Bc3 Qb6 24.Bd4 Qb4 25.Bc3 Qb6 26.Rad1 Rce8 27.Bc2 Qc6 28.Bxa5 e5 29.Bc7 Ne6
30.Rc1 Qb5 31.Bd3 Qa4 32.a3 Qf4 33.Bb6 Rc8 34.Qxf4 Nxf4 35.Bf1 Rxc1 36.Rxc1 Rc8
37.Rc7 Rxc7 38.dxc7 Ne6 39.g3 Ke7 40.Bh3 Nxc7 41.Bg2 Na8 42.Bc5+ Ke6 43.f4 Bc6
44.Bh3+ f5 45.Kf2 Nc7 46.Bb6 Nb5 47.fxe5 Kxe5 48.Bf1 Nd4 49.Bd3 Ne6 50.Ba7 g6
51.Bb8+ Kd4 52.Ke2 Ng5 53.Ba7+ Ke5 54.Ke3 Ne6 55.Bb8+ Kf6 56.Ba7 Ke5 57.Bb8+ Kf6
58.Ba7 Ke5  1/2-1/2

[Event "ch-ROU Men 2012"]
[Site "Sarata Monteoru ROU"]
[Date "2012.02.21"]
[Round "11.34"]
[White "Tufa,M"]
[Black "Tiron,C"]
[Result "1/2-1/2"]
[WhiteElo "2044"]
[BlackElo "1856"]

1.e4 e6 2.d4 d5 3.Nd2 Nc6 4.Ngf3 Nf6 5.e5 Nd7 6.Nb3 f6 7.Bf4 fxe5 8.dxe5 Bb4+
9.c3 O-O 10.Qd2 Be7 11.Bd3 a5 12.a4 Qe8 13.O-O Qf7 14.Bg3 b6 15.Bb5 Na7 16.Nbd4 c5
17.Nc2 Nxb5 18.axb5 Bb7 19.Rfe1 h6 20.c4 d4 21.Ra3 Qh5 22.Qe2 Bxf3 23.Rxf3 Rxf3
24.gxf3 Rf8 25.Kg2 Qf5 26.Qe4 h5 27.h4 Qxe4 28.fxe4 Rf7 29.Rh1 Nf8 30.Ne1 Ng6
31.Nd3 Bd8 32.f4 Nf8 33.Rf1 g6 34.Be1 Kh7 35.Kg3 Bc7 36.Rf3 Nd7 37.Kg2 Kg7
38.Bg3 Rf8 39.f5 exf5 40.exf5 Rxf5 41.Rxf5 gxf5 42.e6 Bxg3 43.exd7 Bxh4 44.Nxc5 d3
45.Kf3 Bf6 46.Nxd3 Kf7 47.c5 Ke7 48.c6 h4 49.Nf4 Kd6 50.b3 Bd8 51.Kg2 Ke5
52.Ng6+ Kd6 53.Nf4 Ke5 54.Kf3 Kd6 55.Ke2 Bg5 56.Kf3  1/2-1/2

[Event "Schachbundesliga 2011-12"]
[Site "Bochum GER"]
[Date "2012.02.25"]
[Round "10"]
[White "Wegener,O"]
[Black "Zaragatski,I"]
[Result "1/2-1/2"]
[WhiteElo "2423"]
[BlackElo "2474"]

1.e4 e6 2.d4 d5 3.Nd2 Nc6 4.Ngf3 Nf6 5.e5 Nd7 6.Be2 Be7 7.O-O f6 8.exf6 Bxf6
9.c3 O-O 10.Re1 e5 11.Qb3 Nb6 12.a4 exd4 13.a5 Nc4 14.Nxc4 dxc4 15.Qxc4+ Kh8
16.Bf4 dxc3 17.bxc3 a6 18.Bg3 Bf5 19.Rad1 Qc8 20.Nd4 Nxd4 21.cxd4 c6 22.Bf3 Bg4
23.Bxg4 Qxg4 24.Qe6 Qxe6 25.Rxe6 Rfe8 26.Rxe8+ Rxe8 27.Kf1 Rd8 28.Rb1 Rd7
29.Be5 Bd8 30.Ke2 Bxa5 31.Ke3 Kg8 32.Ke4 Bc3 33.Rb3 Be1 34.f4 a5 35.Rb1 Bc3
36.Rb3 Be1 37.Rb1 Bb4 38.g4 Be7 39.Ra1 Rd5 40.g5 Kf7 41.h4 h6 42.Ra2 hxg5
43.fxg5 Kg6 44.Ra1 Bd8 45.Rg1 Rd7 46.h5+ Kxh5 47.g6 Bh4 48.Rh1 Kg4 49.Rg1+ Kh5
50.Rh1 Kg4 51.Rg1+  1/2-1/2

[Event "Schachbundesliga 2011-12"]
[Site "Hockenheim GER"]
[Date "2012.02.25"]
[Round "10"]
[White "Reeh,O"]
[Black "Gasthofer,A"]
[Result "1/2-1/2"]
[WhiteElo "2453"]
[BlackElo "2456"]

1.e4 e6 2.d4 d5 3.Nd2 Be7 4.Ngf3 Nf6 5.e5 Nfd7 6.Bd3 c5 7.c3 Nc6 8.O-O h5
9.Re1 Qb6 10.c4 Nxd4 11.Nxd4 cxd4 12.cxd5 exd5 13.Nf3 Nc5 14.Nxd4 Nxd3 15.Qxd3 O-O
16.b3 Bc5 17.Be3 Bxd4 18.Bxd4 Qa6 19.Qxa6 bxa6 20.Rac1 Bf5 21.Rc5 Rfd8 22.f3 Rac8
23.Rec1 Rxc5 24.Rxc5 Rc8 25.Rxc8+ Bxc8 26.Bxa7 Kf8 27.Kf2 Ke7 28.Ke3 Kd7
29.h3 Kc6 30.g4 hxg4 31.fxg4 a5 32.a4 g5 33.Kd2 Ba6 34.Be3 Bf1 35.Bxg5 Bxh3
36.Bd8 Bxg4 37.Bxa5 Kc5 38.Bc7 d4 39.Bd6+ Kd5 40.b4 Bd7 41.b5 Kc4 42.Bc7 Bc8
43.b6  1/2-1/2